00625nam a2200181 a 4500008004100000020001500041020001800056050001500074100002000089245004000109260004800149300003600197350001000233500006600243650001500309856006400324856005500388120416s2000 ||||||||||||||||| || u a0521598869 a9780521598866 aQA 913 Pop aPope, Stephen B10aTurbulent flowscBy Stephen B. Pope aCambridgebCambridge University Pressc2000 axxxiv, 771 pages : illustrated  a81.99 aIncludes bibliographical references (p. 727-748) and indexes. aTURBULENCE uhttp://www.loc.gov/catdir/description/cam0210/99044583.html uhttp://www.loc.gov/catdir/toc/cam028/99044583.html